[Event "CRO-ch U11"]
[Site "Trogir"]
[Date "2023.06.25"]
[Round "7"]
[White "Dominkovic, Franjo"]
[Black "Vrekalovic, Samuel"]
[Result "1-0"]
[WhiteElo "1790"]
[BlackElo "1773"]
[PlyCount "59"]
[EventDate "2023.06.21"]
[EventType "swiss"]
[EventRounds "9"]
[EventCountry "CRO"]
[SourceTitle "EXT 2024"]
[Source "ChessBase"]
[SourceDate "2023.10.10"]
[SourceVersion "1"]
[SourceVersionDate "2023.10.10"]
[SourceQuality "1"]

1. d4 d5 2. Bf4 Nf6 3. e3 Bf5 4. Nf3 c5 5. c4 e6 6. Nc3 Qb6 7. Qb3 Qxb3 8. axb3 Nc6 9. cxd5 exd5 10. Bb5 Bd7 11. Ne5 cxd4 12. Nxd7 dxc3 13. Nxf6+ gxf6 14. bxc3 Bg7 15. Bd6 f5 16. Bb4 Kd8 17. Rd1 Nxb4 18. cxb4 Bc3+ 19. Ke2 d4 20. Rd3 Rc8 21. Bc4 Rc7 22. Rc1 Re8 23. Rcxc3 Rd7 24. Rc2 f4 25. Bb5 fxe3 26. Bxd7 Kxd7 27. Rxd4+ Ke6 28. Re4+ Kd7 29. Rxe8 Kxe8 30. Kxe3 1-0

[Event "CRO-ch U11"]
[Site "Trogir"]
[Date "2023.06.25"]
[Round "8"]
[White "Mucaji, Andrija"]
[Black "Dominkovic, Franjo"]
[Result "0-1"]
[WhiteElo "1044"]
[BlackElo "1790"]
[PlyCount "100"]
[EventDate "2023.06.21"]
[EventType "swiss"]
[EventRounds "9"]
[EventCountry "CRO"]
[SourceTitle "EXT 2024"]
[Source "ChessBase"]
[SourceDate "2023.10.10"]
[SourceVersion "1"]
[SourceVersionDate "2023.10.10"]
[SourceQuality "1"]

1. d4 Nf6 2. Nf3 g6 3. g3 Bg7 4. Bg2 0-0 5. c4 d6 6. Nc3 Bf5 7. Bd2 Nbd7 8. e3 e5 9. d5 Bg4 10. h3 Bf5 11. b4 Nb6 12. Qe2 Nfd7 13. e4 Bxe4 14. Nxe4 f5 15. Nc3 e4 16. Ng5 Bxc3 17. Ne6 Qf6 18. Nxf8 Bxa1 19. Nxd7 Nxd7 20. 0-0 Qb2 21. Qe1 Qxa2 22. Bf4 Be5 23. Qc1 Qb2 24. Be3 Qxb4 25. Bd2 Qb2 26. Qxb2 Bxb2 27. Rb1 Bd4 28. Rxb7 Bb6 29. Be3 Rb8 30. Rxb8+ Nxb8 31. g4 Bxe3 32. fxe3 Kf7 33. Kf2 a5 34. Ke2 Kf6 35. gxf5 gxf5 36. h4 Nd7 37. Kd2 Nb6 38. Kc3 a4 39. h5 a3 40. Kb3 h6 41. c5 dxc5 42. Kxa3 Nxd5 43. Ka4 Ke6 44. Kb5 Kd6 45. Bf1 Nxe3 46. Bh3 f4 47. Bc8 f3 48. Ba6 f2 49. Ka4 f1Q 50. Bxf1 Nxf1 0-1

[Event "CRO-ch U11"]
[Site "Trogir"]
[Date "2023.06.24"]
[Round "6"]
[White "Mocic, Ivano"]
[Black "Dominkovic, Franjo"]
[Result "1-0"]
[WhiteElo "1935"]
[BlackElo "1790"]
[PlyCount "139"]
[EventDate "2023.06.21"]
[EventType "swiss"]
[EventRounds "9"]
[EventCountry "CRO"]
[SourceTitle "EXT 2024"]
[Source "ChessBase"]
[SourceDate "2023.10.10"]
[SourceVersion "1"]
[SourceVersionDate "2023.10.10"]
[SourceQuality "1"]

1. d4 Nf6 2. Nf3 g6 3. g3 Bg7 4. Bg2 0-0 5. c4 d6 6. Nc3 Nfd7 7. e4 e5 8. Be3 Nc6 9. d5 Ne7 10. b4 a5 11. a3 b6 12. Nd2 f5 13. f3 f4 14. Bf2 Bb7 15. g4 axb4 16. axb4 Rxa1 17. Qxa1 Qa8 18. Qb2 c6 19. 0-0 cxd5 20. cxd5 Qe8 21. Nc4 Nc8 22. Ra1 g5 23. Nb5 Rf6 24. Nc7 Qd8 25. Ne6 Qe8 26. Qc2 h6 27. Na3 Rf7 28. Bf1 Re7 29. Nb5 Nf8 30. Nxf8 Bxf8 31. Nc7 Qg6 32. Qc3 h5 33. Bh3 hxg4 34. Bxg4 Rh7 35. h3 Qg7 36. Ne6 Qe7 37. Rc1 Bh6 38. Qa1 Rf7 39. Bh5 Rh7 40. Bg6 Rh8 41. Rc7 Qf6 42. Bf7+ Kh7 43. Bh5+ Ne7 44. Rxb7 Bf8 45. Qa7 Kg8 46. Rb8 Kh7 47. Nxf8+ Rxf8 48. Rb7 Kh6 49. Rxe7 Kxh5 50. Rh7+ Kg6 51. Qe7 Rf7 52. Qxf7+ Qxf7 53. Rxf7 Kxf7 54. Bxb6 Ke8 55. Kg2 Kd7 56. b5 Kc8 57. h4 gxh4 58. Kh3 Kb7 59. Bd8 Kc8 60. Ba5 Kb7 61. Kxh4 Kc8 62. Kg5 Kd7 63. Kf6 Kc8 64. Ke6 Kb7 65. Kd7 Ka7 66. Kc6 Ka8 67. b6 Kb8 68. b7 Ka7 69. Bb6+ Ka6 70. b8N# 1-0

[Event "CRO-ch U11"]
[Site "Trogir"]
[Date "2023.06.21"]
[Round "2"]
[White "Ivancic, Ivan"]
[Black "Dominkovic, Franjo"]
[Result "1-0"]
[WhiteElo "1890"]
[BlackElo "1790"]
[PlyCount "53"]
[EventDate "2023.06.21"]
[EventType "swiss"]
[EventRounds "9"]
[EventCountry "CRO"]
[SourceTitle "EXT 2024"]
[Source "ChessBase"]
[SourceDate "2023.10.10"]
[SourceVersion "1"]
[SourceVersionDate "2023.10.10"]
[SourceQuality "1"]

1. e4 c6 2. d4 d5 3. exd5 cxd5 4. c4 e6 5. Nc3 Nf6 6. Nf3 Nc6 7. c5 b6 8. Bb5 Bd7 9. Bxc6 Bxc6 10. Ne5 Qc7 11. b4 b5 12. Bf4 g6 13. Nxg6 Qd7 14. Nxh8 Bg7 15. Nxf7 Qxf7 16. Bg3 0-0-0 17. a4 a6 18. axb5 axb5 19. Qf3 Rd7 20. 0-0 Ne4 21. Qxf7 Rxf7 22. Nxe4 dxe4 23. Rfd1 Rf5 24. Ra6 Kb7 25. Rb6+ Kc8 26. Rxc6+ Kd8 27. Rxe6 1-0